000 00621nam a2200193 a 4500
001 000024626
005 20260114124842.0
008 110127s1997 ck r 000 | spa d
040 _aDO-SdBNP
_bspa
_cBNPHU
082 _a158.128
_bM527u
100 1 _aMello, Anthony de
_950500
245 1 0 _aUna llamada al amor :
_bconsciencia, libertad, felicidad /
_cAnthony de Mello.
260 _aSantafé de Bogotá, (Colombia) :
_bEdiciones La Verdad ,
_c1997.
300 _a131 p. ;
_c20 cm.
650 0 _aMeditaciones
_95988
650 4 _aRetiros espirituales
_950501
650 4 _aReflexión (filosofía)
_97164
049 _aBNGR
999 _c24119
_d24119